| 000 | 00542nam a22002057a 4500 | ||
|---|---|---|---|
| 001 | 26793 | ||
| 003 | BD-RjUL | ||
| 005 | 20211209051052.0 | ||
| 008 | 140323s1962 pk ||||| |||| 00| 0 eng d | ||
| 035 | _a(BD-RjUL)26864 | ||
| 040 |
_aBD-RjUL _beng _cBD-RjUL |
||
| 041 | _aeng | ||
| 082 |
_a954.9 _bJAF 1962 |
||
| 100 | 1 |
_aJawed, Mahmood. _982351 |
|
| 245 | 1 | 0 |
_aForty months in pakistan / _cMahmood Jawed. |
| 260 |
_aKarachi : _bEastern Publications, _c1962. |
||
| 300 |
_aii, 79 p. ; _c22 cm. |
||
| 651 | 0 |
_aPakistan _982352 |
|
| 942 |
_2ddc _cBK |
||
| 999 |
_c26793 _d26793 |
||